000 00523nam a2200193Ia 4500
005 20250326144923.0
008 250326s9999 xx 000 0 und d
020 _a81-89410-15-6
037 _aTextbook
040 _aFMSL
_beng
_cFMSL
041 _aeng
_2eng
084 _aX8(A):51 P6.1
_qFMSL
100 _aICFAI
245 0 _aCase studies in industrial marketing
_cICFAI
260 _aHyderabad
_bHyderabad, ICFAI
_c2006
300 _a246p
942 _cTB
_hX8(A):51 P6.1
999 _c1305625
_d1305625